000 00637nam a22002177a 4500
003 OSt
005 20160630151259.0
008 160630b xxu||||| |||| 00| 0 eng d
020 _a0750622156
040 _c040a
082 _aWA 250
_bB89s 1996
100 _aBurke, Derek
_99803
245 _aSelf- assessment in accident and emergency medicine /
_cDerek Burke, Ian Greaves, Philip Hormbrey
260 _aOxford
_bButterworth-Heinemann
_c1996
300 _ax, 220p;
_bill :
_c12 cm.
504 _aIncludes index
650 _aAccidents
_99804
700 _aGreaves, Ian
_99805
700 _aHormbrey, Philip
_99806
942 _2z
_cO_SHELF
999 _c4575
_d4575